| 000 | 00810nam a22002297a 4500 | ||
|---|---|---|---|
| 999 |
_c12009 _d12009 |
||
| 003 | AR-CdUCM | ||
| 008 | 190405b ||||| |||| 00| 0 spa d | ||
| 040 |
_aMUNICIPALIDAD PROVINCIAL DEL CUSCO _cBIBLIOTECA MUNICIPAL DEL CUSCO |
||
| 082 |
_a376.51 / _bEG32 / 1951 |
||
| 100 |
_aEguiguren, Luis Antonio _925821 |
||
| 245 | _aLa universidad en el siglo XVI / | ||
| 260 |
_aLima : _bSanta María, _c1951. |
||
| 300 |
_aXX , 478 páginas ; _c26 cm. |
||
| 500 | _alibro en mal estado. | ||
| 505 | _aContenido: t.1: v.2: Las constituciones de la Universidad y otros documentos. | ||
| 650 |
_aHistoria _9136 |
||
| 650 |
_aUniversidad Nacional Mayor de San Marcos _910527 |
||
| 650 |
_aLima _9231 |
||
| 710 |
_aUniversidad Nacional Mayor de San Marcos _95627 |
||
| 942 |
_2ddc _cLIBROS |
||
| 945 |
_acmm _d2019-04-05 |
||